An Introduction to Formal Languages and Automata
Guardado en:
| Autor principal: | |
|---|---|
| Formato: | Libro |
| Lenguaje: | inglés |
| Publicado: |
Sudbury :
Jones and Bartlett Publ.,Inc,
2006
|
| Edición: | 4. vyd. |
| Materias: | |
| Etiquetas: |
Sin Etiquetas, Sea el primero en etiquetar este registro!
|
MARC
| LEADER | 00000nam a22000003a 4500 | ||
|---|---|---|---|
| 001 | stu176058 | ||
| 005 | 20150617225556.8 | ||
| 008 | 081120s2006----xxu-----------------eng-d | ||
| 020 | |a 978-0-7637-3798-6 | ||
| 040 | |a STU |b slo | ||
| 041 | 0 | |a eng | |
| 044 | |a xxu | ||
| 100 | 1 | |a Linz, Peter |4 aut | |
| 245 | 1 | |a An Introduction to Formal Languages and Automata | |
| 250 | |a 4. vyd. | ||
| 260 | |a Sudbury : |b Jones and Bartlett Publ.,Inc, |c 2006 | ||
| 300 | |a 415 s | ||
| 650 | 7 | |a formálne jazyky |2 stusub | |
| 650 | 7 | |a teória počítačov |2 stusub | |
| 996 | |b 284IK06796 |c I*18FJ6001 |l I |s A |a 24 |w stu176058_0001 | ||